000 00679nam a2200289Ia 4500
005 20260324133804.0
008 008 260324s9999 xx 000 0 eng d
020 _a9780203446508
037 _aEBOOK
040 _aCRL
040 _beng
040 _cCRL
041 _2eng
041 _aeng
084 _qCRL
100 _aMartha Gever
_91194400
245 0 _aEntertaining Lesbians
245 0 _bCelebrity, Sexuality, and Self-Invention
260 _bTaylor and Francis
260 _c2003
365 _a
365 _b255
856 _uhttp://www.taylorfrancis.com/books/9780203446508
942 _cEBOOK
999 _c1793811
_d1793811